| 000 | 00455nam a2200169Ia 4500 | ||
|---|---|---|---|
| 003 | GCL | ||
| 008 | 140319s9999 xx 000 0 ara d | ||
| 040 |
_aGCL / _cGCL |
||
| 082 | 0 | 4 |
_a813.01 _bث ن |
| 100 | 1 | _aثروت اباظة | |
| 245 | 1 | 0 |
_aنيام بلا مضاجع / _cثروت اباظة |
| 490 |
_aكتاب _v0 |
||
| 650 | 0 | 4 | _aالادب العربى |
| 650 | 0 | 4 | _aالقصص القصيرة |
| 650 | 0 | 4 | _aثروت اباظة |
| 942 |
_2ddc _cBK |
||
| 999 |
_c42044 _d42044 |
||